|
|
|
|
| LEADER |
00000nab a2200000 a 4500 |
| 001 |
vtls010736218 |
| 003 |
SK-MaSNL |
| 005 |
20260304190854.0 |
| 008 |
250709s1993 xo |||||||||||||||||slo| |
| 035 |
|
|
|a (urnnbn)urn:nbn:sk:snk:ar-a05igw
|
| 035 |
|
|
|a (uuid)f671c91a-9177-49d2-8114-52d936428174
|
| 035 |
|
|
|a urn:nbn:sk:snk-ab3xo7
|
| 040 |
|
|
|a SNKBUCL
|b slo
|c SNKBUCL
|e AACR2
|
| 041 |
0 |
|
|a eng
|
| 044 |
|
|
|a xo
|c SK
|
| 100 |
1 |
|
|a Zacharová, Daria,
|d 1924-1994
|4 aut
|9 48742
|
| 245 |
1 |
4 |
|a The Effect of Pb2+ Ions on Calcium Currents and Contractility in Single Muscle Fibres of the Crayfish
|c D. Zacharová, M. Henček, J. Pavelková, E. Lipská
|
| 700 |
1 |
|
|a Henček, Michal
|4 aut
|9 5391
|
| 700 |
1 |
|
|a Pavelková, J.
|4 aut
|9 789160
|
| 700 |
1 |
|
|a Lipská, E.
|4 aut
|9 428371
|
| 773 |
0 |
|
|t General physiology and biophysics : an international journal
|g Roč. 12, č. 2 (1993), s. 183-198
|
| 850 |
|
|
|a Slovenská národná knižnica
|
| 852 |
|
|
|a Slovenská národná knižnica
|
| 958 |
|
|
|a article1
|
| 958 |
|
|
|a OND
|
| 958 |
|
|
|a EUIPO
|
| 999 |
|
|
|c 3051672
|d 3053602
|